000 00748nam a2200241Ia 4500
003 OSt
005 20220926000549.0
006 a|||||r|||| 00| 0
007 ta
008 220923b |||||||| |||| 00| 0 eng d
037 _cGeneral Book
040 _aRTL
_cRTL
_beng
041 _2eng
_aeng
082 _aX425.2.N8, M6
110 _aIndian Institute of Foreign Trade
_9236018
245 0 _aEntitlement voucher scheme
_b A case study on cargo
260 _a New Delhi
_bIndian Institute of Foreign Trade India
_c1986
300 _a65p.
_ccm.
650 _aOceanic Transport Economics
_9231766
700 _aIndian Institute of Foreign Trade
_9236019
942 _hX425.2.N8, M6
_cGB
_2CC
999 _c599288
_d599288